000 00569nam a2200205Ia 4500
008 220216s9999 xx 000 0 und d
100 _aPrasannakumari P
245 0 _aMovement of applied phosphorus in rubber (Hevea brasiliensis) growing soil
260 _bIndian Journal of Natural Rubber Research
_c2003
300 _a127-130
650 _aHevea brasiliensis
650 _aHevea brasiliensis
650 _aPhosphorus
650 _aPhosphorus
700 _aGeorge S
700 _aJoseph M
700 _aNair A N S
700 _aPunnoose K I
942 _cAR
999 _c47232
_d47232